000 01219nam0a22002891 4500
001 rc\4014807
005 20260407115825.0
021 _aRU
_b[49-15689]
035 _a(NLR Aleph) 008082113
090 _a9130283
_c9130283
100 _a20130415d1949 |||y0rusy50 ca
101 0 _arus
102 _aRU
105 _aa z |||||
200 1 _aПутеводитель по Музею
_fГос. дом-музей Н.Г. Чернышевского
210 _a[Саратов]
_cСарат. обл. гос. изд-во
_d1949
_gТип. № 1 Упр. изд-в и полиграфии
215 _a52 с.
_cил.
_d20
300 _aНа обороте тит. л. сост.: П.А. Бугаенко
600 1 _aЧернышевский
_bН.Г.
_f1828-1889
_gНиколай Гаврилович
_xМемориальные музеи
_2psbo
606 _aМемориальные музеи
_yСаратов
_jПутеводители
_2psbo
702 1 _aБугаенко
_bП.А.
_4220
710 0 2 _aДом-музей Н. Г. Чернышевского
_cСаратов
_3RU\NLR\AUTH\8810068106
_9637806
801 0 _aRU
_bNLR
_gpsbo
801 1 _aRU
_bELAR
_2rusmarc
852 _aNLR
_jЛ20 Г-4/305
942 _cBOOK
980 _aNB